Music Quiz

Random Music or Artist Quiz

Monstercat Artists (updated frequently) Quiz Stats

 Plays Quiz not verified by Sporcle

Score 0/108 Timer 17:00
0 Plays Today
Current/Past/New Name Artist % Correct
CurrentPegboard Nerds
90.1%
CurrentAero Chord
88.7%
CurrentTristam
85.8%
CurrentMuzzy
85.2%
CurrentStephen Walking
84.2%
CurrentAu5
83.9%
CurrentHellberg
83.3%
CurrentBraken
83%
CurrentNoisestorm
81.3%
CurrentMr FijiWiji
80.8%
CurrentNitro Fun
80.6%
CurrentVarien
80.6%
CurrentWRLD
80.4%
CurrentStonebank
79.7%
CurrentDirect
78.5%
CurrentFeint
78.5%
PastEphixa
77.8%
CurrentEminence
77.1%
Current7 Minutes Dead
76.9%
CurrentTelevisor
76.8%
CurrentRogue
76.6%
CurrentGrabbitz
75.8%
CurrentRazihel
75.6%
CurrentLaszlo
74.2%
CurrentDraper
73.3%
CurrentDroptek
73.3%
CurrentHaywyre
73.3%
CurrentGrant Bowtie
73%
CurrentHyper Potions
73%
CurrentFractal
72.7%
CurrentTut Tut Child
72.6%
CurrentLVTHER
71.8%
CurrentSummer Was Fun
71.7%
CurrentBustre
71.3%
CurrentProject 46
71.3%
CurrentConro
71%
Current/Past/New Name Artist % Correct
CurrentPIXL
70.8%
CurrentF.O.O.L
70.7%
CurrentSlips & Slurs
70.7%
CurrentRootkit
70.5%
Under a different aliasDotEXE
70.5%
CurrentProtostar
70%
CurrentCase & Point
69.7%
CurrentRezonate
69.4%
CurrentTwoThirds
68.5%
CurrentPYLOT
67.3%
CurrentKarma Fields
66.9%
CurrentRameses B
66.9%
CurrentPuppet
66.2%
CurrentRich Edwards
65.3%
PastArion
65.3%
PastAstronaut
65%
CurrentRichard Caddock
64.9%
PastGoing Quantum
64.9%
CurrentSan Holo
64.4%
CurrentVicetone
64.3%
CurrentTrivecta
63.6%
PastKrewella
63.4%
CurrentDeon Custom
63%
CurrentSubtact
62.8%
CurrentVolant
62.3%
Pastnanobii
61.5%
CurrentSnavs
59.9%
CurrentFalcon Funk
59.5%
CurrentSoulero
59.5%
Under a different aliasHalo Nova
59.1%
PastInsan3lik3
58.5%
CurrentMelano
58.1%
PastSCNDL
57.6%
CurrentKasbo
56.9%
CurrentHush
56.7%
CurrentSavoy
56.2%
Current/Past/New Name Artist % Correct
PastMatduke
56%
Under a different aliasTVDS
56%
CurrentBotnek
55.4%
CurrentUnlike Pluto
55.2%
Under a different aliasRundfunk
55%
PastMitchell Claxton
54.7%
PastNeilio
54.6%
Past1uP
54.4%
CurrentSlushii
54.4%
CurrentLoosid
53.4%
CurrentNigel Good
53.1%
CurrentSound Remedy
53%
CurrentNotaker
52%
RemovedOVERWERK/ID
51.7%
Past23
51.4%
PastAtmozfears
51.1%
PastFavright
50.7%
PastStereotronique
50.4%
PastObsidia
50.2%
Pastyh
50.2%
RemovedArchie
48.5%
PastDay One
47.6%
PastLets Be Friends
47.5%
PastHot Date!
47.2%
CurrentOpenwater
46.1%
PastI.Y.F.F.E
45.1%
PastThrottle
44.7%
PastTeqq
44.4%
PastChris Ramos
43.7%
PastAZEDIA
43.4%
PastSkifonix
39.5%
RemovedArnej
36.3%
PastSubformat
36%
PastDzeko & Torres
34.7%
RemovedJack of Sound
34.2%
PastDidrick
33.8%

You're not logged in!

Compare scores with friends on all Sporcle quizzes.
OR
Log In

Sporcle TV

Today on Sporcle TV


Watch our educational content, quiz creation guides, and fun videos on Sporcle TV.

Show Comments

Extras

Created Aug 20, 2015ReportNominate
Tags:Artist Quiz, edm

Top Quizzes Today


Score Distribution

Your Account Isn't Verified!

In order to create a playlist on Sporcle, you need to verify the email address you used during registration. Go to your Sporcle Settings to finish the process.

Report this User

Report this user for behavior that violates our Community Guidelines.

Details: